Perche' Questi Animali Sono Selvaggi?

Guardat en:
Dades bibliogràfiques
Autor principal: Francois Sommer
Format: Llibre
Idioma:idioma desconegut
Publicat: Balduini Castoldi
Etiquetes: Afegir etiqueta
Sense etiquetes, Sigues el primer a etiquetar aquest registre!

MARC

LEADER 00000nam a2200000Ia 4500
001 R-1229
003 CODICE-MESSINA
005 20260212102504.0
008 260211s9999 xx 000 0 und d
040 |c importazione_messina 
100 |a Francois Sommer 
245 0 |a Perche' Questi Animali Sono Selvaggi? 
260 |b Balduini Castoldi  
942 |2 ddc  |c BK 
952 |0 0  |1 0  |2 ddc  |4 0  |6 SCAFFALE_11_000000000000000__ROMANZI  |7 0  |9 32062  |a ME  |b ME  |d 2026-02-11  |l 0  |o SCAFFALE 11 - ROMANZI  |p R-1229  |r 2026-02-11 23:52:56  |w 2026-02-11  |x [REVISIONARE]  |y BK 
999 |c 27729  |d 27729